Clio, a fadazinha do topázio (Registo nº 1029)

Detalhes MARC
000 -Etiqueta do registo
Cabeçalho 00960nam0a2200277 4500
005 - Identificador da versão
Campo de controlo 20240822165242.0
010 ## - Número internacional normalizado dos livros (ISBN)
Número (ISBN) 9789722229180
021 ## - Número do Depósito Legal
Código do país PT
Número 289 730/09
100 ## - Dados gerais de processamento
Dados gerais de processamento 20160708d2009 d y0pory5003 ba
101 1# - Língua de publicação
Língua do texto, banda sonora, etc. Português
Língua do documento no original Inglês
102 ## - Pais de publicação ou produção
País de publicação Portugal
200 1# - Titulo e menção de responsabilidade
Título próprio Clio, a fadazinha do topázio
Primeira menção de responsabilidade Daisy Meadows
Outras menções de responsabilidade il. Georgie Ripper
-- trad. Isabel de Mendonça Soares
210 ## - Publicação, Distribuição, etc. 
Lugar da edição, distribuição, etc. Lisboa
Nome do editor, distribuidor, etc. Verbo
Data da publicação, distribuição, etc. cop. 2009
215 ## - Descrição física 
Indicação específica da natureza do documento e extensão da espécie 73, [7] p.
Outras indicações físicas il
225 2# - Colecção 
Título próprio da colecção A magia do arco-íris
Nome de uma parte ou secção As fadazinhas das pedras preciosas
Indicação de volume 25
300 ## - Notas gerais 
Texto da nota Plano Nacional de Leitura
314 ## - Notas relativas a responsabilidade intelectual 
Texto da nota Daisy Meadows é pseudónimo de Narinder Dhami, Sue Bentley, Linda Chapman, e Sue Mongredien
606 ## - Nome comum usado como assunto
Número de registo de entrada de autoridade 0002036
Palavra de ordem Literatura inglesa
Subdivisão de assunto Conto
Código do sistema CA
675 ## - Classificação Decimal Universal (CDU)
Notação 821.111-34
Edição 3ª ed.
Língua da edição por
700 #1 - Nome de autor-pessoa física (responsabilidade principal)
Número de registo de entrada de autoridade 0003101
Palavra de ordem Meadows
Outra parte do nome não tomada para palavra de ordem Daisy
Elementos de identificação ou distinção pseud.
702 #1 - Nome de autor-pessoa física (responsabilidade secundária)
Número de registo de entrada de autoridade 0001397
Palavra de ordem Ripper
Outra parte do nome não tomada para palavra de ordem Georgie
Código de função Ilustrador / Técnico de desenho computorizado
Número de registo de entrada de autoridade 0003102
Palavra de ordem Soares
Outra parte do nome não tomada para palavra de ordem Isabel de Mendonça
Código de função Tradutor
942 ## - Elementos de entrada adicionados (Koha)
Tipo de item no Koha Livro
966 ## - Identificação da Biblioteca
Sigla EB2,3ENM
Exemplares
Situação do levantamento Origin of item (home branch) (coded) Biblioteca de empréstimo Código de barras Cota Circulation type (not for loan) Tipo de documento Nota do exemplar Damaged status
  Biblioteca Escolar Eng. Nuno Mergulhão Biblioteca Escolar Eng. Nuno Mergulhão BENM1886 82LE-34 MEA PNL   Livro Sem mensagem